| 000 | 00682nam a22002057a 4500 | ||
|---|---|---|---|
| 999 |
_c178907 _d178907 |
||
| 005 | 20210428143554.0 | ||
| 010 | _aENG-129485 | ||
| 020 |
_c225.00 _a978-81-943284-2-1 |
||
| 035 | _aEN-113017 | ||
| 037 | _bDBAD/PUB | ||
| 082 | _a530.1 | ||
| 100 | _aTulasi, G. Padma | ||
| 245 |
_aPedagogy of Physical Sciences : _b/ _cG. Padma Tulasi, Vanaja, M., Srinivas P. |
||
| 250 | _a2020 | ||
| 260 |
_aHyderabad _bNeelkamal Publications Pvt. Ltd. _c2020 |
||
| 270 |
_aSultan Bazar, Hyderabad _bHyderabad _e500095 _k24757140 _mneelkamalbooks@gmail.com |
||
| 300 |
_a230.p _c24cm(pbk) _bBibliography |
||
| 700 | _aM., Vanaja, P., Srinivas | ||
| 942 |
_2ddc _cEN _h530.1 _mTUL |
||